Départements ayant le plus de communes finissant par "court" - Statistiques

Statistiques générales
  • Ce quiz a été pris 70 fois
  • Le résultat moyen est 16 sur 18
Réponses sur la Carte
Les réponses sont colorées sur une échelle allant du rouge au vert en fonction du pourcentage des utilisateurs qui les ont devinées à leur premier essai. Vous pouvez retrouver ces pourcentages ci-dessous.
 
Statistiques - réponses
Nombre Département % Correct
19 Nord
98%
62 Pas-de-Calais
98%
27 Ardennes
97%
53 Oise
97%
14 Seine-Maritime
95%
95 Somme
94%
52 Aisne
91%
16 Eure
91%
27 Marne
91%
40 Moselle
89%
48 Meurthe-et-Moselle
88%
13 Aube
86%
45 Haute-Marne
85%
63 Vosges
85%
40 Meuse
83%
11 Val d'Oise
76%
12 Yvelines
73%
37 Haute-Saône
67%
Aucun quiz correspondant
Distribution des résultats
% des personnes avec chaque résultat
Percentile par nombre de réponses
Votre historique - résultats
Vous n’avez pas pris ce quiz